00633nam a22001817a 450000500170000001000150001702000270003203500130005903700130007208200180008510000180010324501110012126000420023227000720027430000270034650000500037370000280042320140905105650.0 aENG-110744 a9788183876612c1095.00 aEN-94276 bDBAD/PUB a307.772095484 aGandhi, Malli aEducating tribal children :cby Malli Gandhi [and] Vakulabharanam Lalithabissues, concerns and remedies / aNew DelhibSerials Publicationsc2014 a4830/24, Prahlad Street, Ansari Road, Darya GanjbNew Delhie110002 axviii,317p. c22cm(Hb) aIncludes bibliographical references and index aVakulabharanam Lalitha